000 00623nam a2200205 u 4500
005 20230328063546.0
008 121121s2007 r 000 0 eng d
020 _a9789974802667
035 _aUPN01000188776
049 _aI
050 4 _aPN988
_bF3.28
245 0 0 _aFábulas para crecer /
_cadaptación Alejandra Erbiti.
260 _aMontevideo :
_bArquetipo,
_c2007.
300 _a128 p. :
_bprincipalmente il. col.
650 4 _aFABULAS -
_vADAPTACIONES
_918479
650 2 _aFábulas
_vLiteratura infantil
_922028
700 1 _aErbiti, Alejandra,
_d1963-
_eadapt.
_933263
905 _aInfantil
999 _c160879
_d160879